Psicología de la adolescencia
Kaydedildi:
| Yazar: | |
|---|---|
| Materyal Türü: | Kitap |
| Dil: | İspanyolca |
| Baskı/Yayın Bilgisi: |
Buenos Aires
Kapelusz
1949
|
| Seri Bilgileri: | Biblioteca de ciencias de la educación
|
| Konular: | |
| Etiketler: |
Etiketle
Etiket eklenmemiş, İlk siz ekleyin!
|
MARC
| LEADER | 00000nam a2200000 a 4500 | ||
|---|---|---|---|
| 001 | UCY4624 | ||
| 003 | CL-VaPUC | ||
| 008 | 950321e19490000AG |||||||||||||||||spa|d | ||
| 082 | 0 | 4 | |a 155.5 |b BRO |2 21 |
| 100 | 0 | |a Brooks, Fowler Dell |e author |9 333102 | |
| 245 | 1 | 0 | |a Psicología de la adolescencia |
| 300 | |a 643 p | ||
| 942 | |c BK | ||
| 945 | |d 19950321 00:00:00 |a rbrito | ||
| 260 | |a Buenos Aires |b Kapelusz |c 1949 | ||
| 650 | 0 | |a Psicología del adolescente |9 307864 | |
| 650 | 0 | |a Adolescencia |9 307361 | |
| 650 | 0 | |a Aspectos psicológicos |9 258128 | |
| 583 | |a last modification |c 19950321 00:00:00 |k Rodrigo Vera | ||
| 490 | 0 | |a Biblioteca de ciencias de la educación | |
| 999 | |c 232422 |d 232420 | ||
| 952 | |0 0 |1 0 |4 0 |6 155_500000000000000_BRO_1949 |7 0 |8 P |9 236797 |a BIBEDU |b BIBEDU |c BIBEDU_PB |d 2019-11-15 |i 3064700 |o 155.5 BRO 1949 |p 3064700 |r 2024-01-25 |w 2019-11-15 |y BK |k EDU | ||
| 952 | |0 0 |1 0 |4 0 |6 155_500000000000000_BRO_1949 |7 0 |8 P |9 236798 |a BIBEDU |b BIBEDU |c BIBEDU_PB |d 2019-11-15 |i 3064719 |o 155.5 BRO 1949 |p 3064719 |r 2024-01-25 |w 2019-11-15 |y BK |k EDU | ||
| 952 | |0 0 |1 0 |4 0 |6 155_500000000000000_BRO_1949 |7 0 |8 P |9 236799 |a BIBEDU |b BIBEDU |c BIBEDU_PB |d 2019-11-15 |i 3064824 |o 155.5 BRO 1949 |p 3064824 |r 2024-01-25 |w 2019-11-15 |y BK |k EDU | ||